书目信息 |
| 题名: |
日本美人画
|
|
| 作者: | ;天津人民美术出版社 编 | |
| 分册: | 第二辑 | |
| 出版信息: | 天津 天津人民美术出版社 2006 |
|
| 页数: | 59页 | |
| 开本: | 26cm | |
| 丛书名: | ||
| 单 册: | ||
| 中图分类: | J232(313) | |
| 科图分类: | ||
| 主题词: | 日本画--人物画--日本--画册 , 人物画 , 日本画 | |
| 电子资源: | ||
| ISBN: | 7-5305-3233-2 | |
| 000 | 00843nam0 2200241 450 | |
| 001 | 003192053 | |
| 005 | 20070805191754.64 | |
| 010 | @a7-5305-3233-2@dCNY29.00 | |
| 100 | @a20060618d2006 em y0chiy0110 ea | |
| 101 | 0 | @achi |
| 102 | @aCN@b120000 | |
| 105 | @aa z 000yy | |
| 200 | 1 | @a日本美人画@9ri ben mei ren hua@h第二辑@f天津人民美术出版社编@Ftian jin ren min mei shu chu ban she bian |
| 210 | @a天津@c天津人民美术出版社@d2006 | |
| 215 | @a59页@d26cm | |
| 330 | @a本书收录了日本石井析亭的《东京十二景之一》、中村大三郎的《灯》、中村大三郎的《圆月》、中村大三郎的《春兴》等美人画。 | |
| 606 | 0 | @a日本画@x人物画@y日本@j画册 |
| 606 | 0 | @a人物画 |
| 606 | 0 | @a日本画 |
| 690 | @aJ232(313)@v4 | |
| 711 | 02 | @a天津人民美术出版社@Atian jin ren min mei shu chu ban she@4编 |
| 801 | 0 | @aCN@bNLC@c20070805 |
| 905 | @a10447@dJ232(313)@e77:2 | |
| 日本美人画.第二辑/天津人民美术出版社编.-天津:天津人民美术出版社,2006 |
| 59页;26cm |
| ISBN 7-5305-3233-2:CNY29.00 |
| 本书收录了日本石井析亭的《东京十二景之一》、中村大三郎的《灯》、中村大三郎的《圆月》、中村大三郎的《春兴》等美人画。 |
| ● |
| 相关链接 |
|
|
|
|
正题名:日本美人画
索取号:J232(313)/77:2
 
预约/预借
| 序号 | 登录号 | 条形码 | 馆藏地/架位号 | 状态 | 备注 |
| 1 | 0802417 | 208024172 | 第一样本阅览室/ [索取号:J232(313)/77:2] | 在馆 | |
| 2 | 0802418 | 208024181 | 第一借阅区/ [索取号:J232(313)/77:2] | 在馆 | |
| 3 | 0802419 | 208024190 | 第一借阅区/ [索取号:J232(313)/77:2] | 在馆 | |
| 4 | 0802420 | 208024207 | 第一借阅区/ [索取号:J232(313)/77:2] | 在馆 | |
| 5 | 0802421 | 208024216 | 第一借阅区/ [索取号:J232(313)/77:2] | 在馆 | |
| 6 | 0802422 | 208024225 | 第一借阅区/ [索取号:J232(313)/77:2] | 在馆 | |
| 7 | 0802423 | 208024234 | 第一借阅区/ [索取号:J232(313)/77:2] | 在馆 | |
| 8 | 0802424 | 208024243 | 密集书库-美术系/ [索取号:J232(313)/77:2] | 在馆 | |
| 9 | 0802425 | 208024252 | 密集书库-美术系/ [索取号:J232(313)/77:2] | 在馆 | |
| 10 | 0802426 | 208024261 | 密集书库-美术系/ [索取号:J232(313)/77:2] | 在馆 |